000 00516nam a2200181Ia 4500
003 GCL
008 140319s9999 xx 000 0 ara d
040 _aGCL /
_cGCL
082 0 4 _a814.008
_bأ ق
100 1 _aانيس منصور
245 1 0 _aقلوب صغيرة /
_cانيس منصور
250 _aالتاسعة
260 _aالقاهرة :
_bدار الشروق ،
_c2005
300 _a190 ص ؛
_c19سم
650 0 4 _aالادب العربى
650 0 4 _aالقصص القصيرة
942 _2ddc
_cBK
999 _c41614
_d41614